[Event "Penang op-A 14th"]
[Site "Penang"]
[Date "2022.12.21"]
[Round "5"]
[White "Volkov, Petr An"]
[Black "Lin, Jie Xun"]
[Result "0-1"]
[WhiteElo "1223"]
[BlackElo "1462"]
[PlyCount "118"]
[EventDate "2022.12.19"]
[EventType "swiss"]
[EventRounds "9"]
[EventCountry "MAS"]
[SourceTitle "CBM 211 Extra"]
[Source "ChessBase"]
[SourceDate "2023.01.31"]
[SourceVersion "1"]
[SourceVersionDate "2023.01.31"]
[SourceQuality "1"]

1. e4 c5 2. Nf3 d6 3. d4 cxd4 4. Nxd4 Nf6 5. Nc3 g6 6. Be3 Bg7 7. h3 Nc6 8. Be2 0-0 9. 0-0 Bd7 10. Qd2 a6 11. Rad1 b5 12. Kh1 Rb8 13. Bf3 Ne5 14. Qe2 Qa5 15. Nb3 Qc7 16. Bg5 Be6 17. Nd5 Bxd5 18. exd5 h6 19. Bxf6 Bxf6 20. Be4 Qc4 21. Qe3 Bg7 22. f4 Nd7 23. Bd3 Qc7 24. Qxe7 Bxb2 25. Qh4 Kg7 26. f5 Bf6 27. Qf2 g5 28. Nd2 Nc5 29. Nf3 Rbe8 30. h4 Ne4 31. Bxe4 Rxe4 32. hxg5 hxg5 33. Nxg5 Bxg5 34. f6+ Kg8 35. Rd3 Rh4+ 36. Rh3 Qc4 37. Qf5 Qg4 38. Qd3 Re8 39. Rh2 Rxh2+ 40. Kxh2 Qh5+ 41. Qh3 Qxh3+ 42. gxh3 Kh7 43. Kg3 Kg6 44. h4 Bxf6 45. h5+ Kg5 46. Rf3 Be5+ 47. Kf2 f6 48. Ra3 Kxh5 49. Rxa6 Rc8 50. Ke3 Rxc2 51. Ra5 Rc5 52. Ke4 Kg4 53. Ra8 f5+ 54. Ke3 f4+ 55. Kf2 Rc2+ 56. Kf1 Kf3 57. Ke1 Ke3 58. Kf1 f3 59. Ra3+ Bc3 0-1